<?xml version="1.0" encoding="UTF-8"?>
<record
    xmlns:xsi="http://www.w3.org/2001/XMLSchema-instance"
    xsi:schemaLocation="http://www.loc.gov/MARC21/slim http://www.loc.gov/standards/marcxml/schema/MARC21slim.xsd"
    xmlns="http://www.loc.gov/MARC21/slim">

  <leader>03352nam a22005057a 4500</leader>
  <datafield tag="952" ind1=" " ind2=" ">
    <subfield code="0">0</subfield>
    <subfield code="1">0</subfield>
    <subfield code="2">lcc</subfield>
    <subfield code="4">0</subfield>
    <subfield code="7">0</subfield>
    <subfield code="a">14</subfield>
    <subfield code="b">14</subfield>
    <subfield code="d">2016-10-20</subfield>
    <subfield code="l">0</subfield>
    <subfield code="o">HJ2466 P48 2015</subfield>
    <subfield code="p">14 006809</subfield>
    <subfield code="r">2016-10-27</subfield>
    <subfield code="t">1</subfield>
    <subfield code="w">2016-10-27</subfield>
    <subfield code="y">LB</subfield>
  </datafield>
  <datafield tag="952" ind1=" " ind2=" ">
    <subfield code="0">0</subfield>
    <subfield code="1">0</subfield>
    <subfield code="2">lcc</subfield>
    <subfield code="4">0</subfield>
    <subfield code="7">0</subfield>
    <subfield code="a">14</subfield>
    <subfield code="b">14</subfield>
    <subfield code="d">2016-10-20</subfield>
    <subfield code="l">0</subfield>
    <subfield code="o">HJ2466 P48 2015</subfield>
    <subfield code="p">14 006811</subfield>
    <subfield code="r">2016-10-31</subfield>
    <subfield code="t">2</subfield>
    <subfield code="w">2016-10-31</subfield>
    <subfield code="y">LB</subfield>
  </datafield>
  <datafield tag="952" ind1=" " ind2=" ">
    <subfield code="0">0</subfield>
    <subfield code="1">0</subfield>
    <subfield code="2">lcc</subfield>
    <subfield code="4">0</subfield>
    <subfield code="7">0</subfield>
    <subfield code="a">20</subfield>
    <subfield code="b">20</subfield>
    <subfield code="d">2016-10-31</subfield>
    <subfield code="l">0</subfield>
    <subfield code="o">HJ2466 P48 2015</subfield>
    <subfield code="p">20 003572</subfield>
    <subfield code="r">2024-07-30</subfield>
    <subfield code="t">1</subfield>
    <subfield code="w">2016-10-31</subfield>
    <subfield code="y">LB</subfield>
  </datafield>
  <datafield tag="952" ind1=" " ind2=" ">
    <subfield code="0">0</subfield>
    <subfield code="1">0</subfield>
    <subfield code="2">lcc</subfield>
    <subfield code="4">0</subfield>
    <subfield code="7">0</subfield>
    <subfield code="a">20</subfield>
    <subfield code="b">20</subfield>
    <subfield code="d">2016-10-31</subfield>
    <subfield code="l">0</subfield>
    <subfield code="o">HJ2466 P48 2015</subfield>
    <subfield code="p">20 003573</subfield>
    <subfield code="r">2024-07-30</subfield>
    <subfield code="t">2</subfield>
    <subfield code="w">2016-10-31</subfield>
    <subfield code="y">LB</subfield>
  </datafield>
  <datafield tag="952" ind1=" " ind2=" ">
    <subfield code="0">0</subfield>
    <subfield code="1">0</subfield>
    <subfield code="4">0</subfield>
    <subfield code="7">0</subfield>
    <subfield code="a">04</subfield>
    <subfield code="b">04</subfield>
    <subfield code="d">2016-11-22</subfield>
    <subfield code="l">1</subfield>
    <subfield code="o">HJ2466 P48 2015</subfield>
    <subfield code="p">04 006544</subfield>
    <subfield code="r">2019-02-28</subfield>
    <subfield code="s">2017-12-05</subfield>
    <subfield code="t">1</subfield>
    <subfield code="w">2016-11-22</subfield>
    <subfield code="y">LB</subfield>
  </datafield>
  <datafield tag="952" ind1=" " ind2=" ">
    <subfield code="0">0</subfield>
    <subfield code="1">0</subfield>
    <subfield code="2">lcc</subfield>
    <subfield code="4">0</subfield>
    <subfield code="7">0</subfield>
    <subfield code="a">13</subfield>
    <subfield code="b">13</subfield>
    <subfield code="d">2016-11-28</subfield>
    <subfield code="l">0</subfield>
    <subfield code="o">HJ2466 P48 2015</subfield>
    <subfield code="p">13 004481</subfield>
    <subfield code="r">2016-11-28</subfield>
    <subfield code="t">1</subfield>
    <subfield code="w">2016-11-28</subfield>
    <subfield code="y">LB</subfield>
  </datafield>
  <datafield tag="952" ind1=" " ind2=" ">
    <subfield code="0">0</subfield>
    <subfield code="1">0</subfield>
    <subfield code="2">lcc</subfield>
    <subfield code="4">0</subfield>
    <subfield code="7">0</subfield>
    <subfield code="a">21</subfield>
    <subfield code="b">21</subfield>
    <subfield code="d">2016-11-29</subfield>
    <subfield code="l">1</subfield>
    <subfield code="o">HJ2466 P48 2015</subfield>
    <subfield code="p">21 003483</subfield>
    <subfield code="r">2018-09-19</subfield>
    <subfield code="s">2018-09-19</subfield>
    <subfield code="t">1</subfield>
    <subfield code="w">2016-11-29</subfield>
    <subfield code="y">LB</subfield>
  </datafield>
  <datafield tag="952" ind1=" " ind2=" ">
    <subfield code="0">0</subfield>
    <subfield code="1">0</subfield>
    <subfield code="2">lcc</subfield>
    <subfield code="4">0</subfield>
    <subfield code="7">0</subfield>
    <subfield code="a">22</subfield>
    <subfield code="b">22</subfield>
    <subfield code="d">2016-10-20</subfield>
    <subfield code="l">0</subfield>
    <subfield code="o">HJ2466 P48 2015</subfield>
    <subfield code="p">22 001495</subfield>
    <subfield code="r">2016-12-13</subfield>
    <subfield code="t">1</subfield>
    <subfield code="w">2016-12-13</subfield>
    <subfield code="y">LB</subfield>
  </datafield>
  <datafield tag="952" ind1=" " ind2=" ">
    <subfield code="0">0</subfield>
    <subfield code="1">0</subfield>
    <subfield code="4">0</subfield>
    <subfield code="7">0</subfield>
    <subfield code="a">19</subfield>
    <subfield code="b">19</subfield>
    <subfield code="d">2017-02-20</subfield>
    <subfield code="l">0</subfield>
    <subfield code="o">HJ2466   P47 2015</subfield>
    <subfield code="p">19 002976</subfield>
    <subfield code="r">2017-02-20</subfield>
    <subfield code="t">1</subfield>
    <subfield code="w">2017-02-20</subfield>
    <subfield code="y">LB</subfield>
  </datafield>
  <datafield tag="952" ind1=" " ind2=" ">
    <subfield code="0">0</subfield>
    <subfield code="1">0</subfield>
    <subfield code="2">lcc</subfield>
    <subfield code="4">0</subfield>
    <subfield code="7">0</subfield>
    <subfield code="a">22</subfield>
    <subfield code="b">22</subfield>
    <subfield code="d">2017-05-03</subfield>
    <subfield code="l">0</subfield>
    <subfield code="o">HJ2466   P47 2015</subfield>
    <subfield code="p">06 003539</subfield>
    <subfield code="r">2017-05-03</subfield>
    <subfield code="t">1</subfield>
    <subfield code="w">2017-05-03</subfield>
    <subfield code="y">LB</subfield>
  </datafield>
  <datafield tag="952" ind1=" " ind2=" ">
    <subfield code="0">0</subfield>
    <subfield code="1">0</subfield>
    <subfield code="2">lcc</subfield>
    <subfield code="4">0</subfield>
    <subfield code="7">0</subfield>
    <subfield code="a">09</subfield>
    <subfield code="b">09</subfield>
    <subfield code="d">2017-06-28</subfield>
    <subfield code="l">0</subfield>
    <subfield code="o">HJ2466   P47 2015</subfield>
    <subfield code="p">09 004697</subfield>
    <subfield code="r">2017-06-28</subfield>
    <subfield code="t">1</subfield>
    <subfield code="w">2017-06-28</subfield>
    <subfield code="y">LB</subfield>
  </datafield>
  <datafield tag="952" ind1=" " ind2=" ">
    <subfield code="0">0</subfield>
    <subfield code="1">0</subfield>
    <subfield code="2">lcc</subfield>
    <subfield code="4">0</subfield>
    <subfield code="7">0</subfield>
    <subfield code="a">03</subfield>
    <subfield code="b">03</subfield>
    <subfield code="d">2017-07-15</subfield>
    <subfield code="l">0</subfield>
    <subfield code="o">HJ2466 P47 2015</subfield>
    <subfield code="p">03 009467</subfield>
    <subfield code="r">2017-07-15</subfield>
    <subfield code="t">1</subfield>
    <subfield code="w">2017-07-15</subfield>
    <subfield code="y">LB</subfield>
  </datafield>
  <datafield tag="952" ind1=" " ind2=" ">
    <subfield code="0">0</subfield>
    <subfield code="1">0</subfield>
    <subfield code="2">lcc</subfield>
    <subfield code="4">0</subfield>
    <subfield code="7">0</subfield>
    <subfield code="a">08</subfield>
    <subfield code="b">08</subfield>
    <subfield code="d">2016-11-21</subfield>
    <subfield code="l">0</subfield>
    <subfield code="o">HJ2466   P48 2015</subfield>
    <subfield code="p">08 006130</subfield>
    <subfield code="r">2017-07-24</subfield>
    <subfield code="t">1</subfield>
    <subfield code="w">2017-07-24</subfield>
    <subfield code="y">LB</subfield>
  </datafield>
  <datafield tag="952" ind1=" " ind2=" ">
    <subfield code="0">0</subfield>
    <subfield code="1">0</subfield>
    <subfield code="2">lcc</subfield>
    <subfield code="4">0</subfield>
    <subfield code="7">0</subfield>
    <subfield code="a">08</subfield>
    <subfield code="b">08</subfield>
    <subfield code="d">2016-10-19</subfield>
    <subfield code="l">2</subfield>
    <subfield code="o">HJ2466  P47 2015</subfield>
    <subfield code="p">08 006109</subfield>
    <subfield code="r">2020-01-30</subfield>
    <subfield code="s">2020-01-30</subfield>
    <subfield code="t">2</subfield>
    <subfield code="w">2017-08-05</subfield>
    <subfield code="y">LB</subfield>
  </datafield>
  <datafield tag="999" ind1=" " ind2=" ">
    <subfield code="c">101260</subfield>
    <subfield code="d">101260</subfield>
  </datafield>
  <controlfield tag="005">20231102152006.0</controlfield>
  <controlfield tag="008">161027s    2015mx ||||f |||| 00| 0 spa d</controlfield>
  <datafield tag="020" ind1=" " ind2=" ">
    <subfield code="a">9786074407358</subfield>
  </datafield>
  <datafield tag="050" ind1="0" ind2="4">
    <subfield code="a">HJ2466</subfield>
    <subfield code="b">P47 2015</subfield>
  </datafield>
  <datafield tag="100" ind1="1" ind2="0">
    <subfield code="a">P&#xE9;rez Ch&#xE1;vez, Jos&#xE9;</subfield>
    <subfield code="e">autor</subfield>
    <subfield code="9">2918</subfield>
  </datafield>
  <datafield tag="245" ind1="1" ind2="0">
    <subfield code="a">R&#xE9;gimen de incorporaci&#xF3;n fiscal</subfield>
    <subfield code="b"> : personas f&#xED;sicas</subfield>
    <subfield code="c"> / Jos&#xE9; P&#xE9;rez Ch&#xE1;vez</subfield>
  </datafield>
  <datafield tag="250" ind1=" " ind2=" ">
    <subfield code="a">2a. edici&#xF3;n</subfield>
  </datafield>
  <datafield tag="260" ind1="3" ind2="0">
    <subfield code="a">M&#xE9;xico</subfield>
    <subfield code="b"> : Tax</subfield>
    <subfield code="c">, 2015</subfield>
  </datafield>
  <datafield tag="300" ind1=" " ind2=" ">
    <subfield code="a">176 p&#xE1;ginas</subfield>
  </datafield>
  <datafield tag="490" ind1=" " ind2=" ">
    <subfield code="a">Colecci&#xF3;n de personas f&#xED;sicas </subfield>
    <subfield code="v">4</subfield>
  </datafield>
  <datafield tag="500" ind1=" " ind2=" ">
    <subfield code="a">Incluye contenido, abreviaturas e introducci&#xF3;n</subfield>
  </datafield>
  <datafield tag="505" ind1="1" ind2=" ">
    <subfield code="a">Ley de impuestos sobre la renta
Ley del impuesto al valor agregado
C&#xF3;digo fiscal de la federaci&#xF3;n
Beneficios en materia de seguridad social relacionados con el pago de cuotas obrero-patronales al IMSS
Fundamento legal
</subfield>
  </datafield>
  <datafield tag="519" ind1=" " ind2=" ">
    <subfield code="a">Educaci&#xF3;n Mixta /</subfield>
    <subfield code="d">(14 006809)</subfield>
  </datafield>
  <datafield tag="519" ind1=" " ind2=" ">
    <subfield code="a">Educaci&#xF3;n Mixta /</subfield>
    <subfield code="b">Contadur&#xED;a /</subfield>
    <subfield code="c">Derecho Fiscal (B11-2) /</subfield>
    <subfield code="d">(20 003572)</subfield>
  </datafield>
  <datafield tag="519" ind1=" " ind2=" ">
    <subfield code="a">Plan Flexible /</subfield>
    <subfield code="b">Contadur&#xED;a /</subfield>
    <subfield code="c">Derecho Fiscal (B11-2) /</subfield>
    <subfield code="d">(20 003573)</subfield>
  </datafield>
  <datafield tag="519" ind1=" " ind2=" ">
    <subfield code="a">Educaci&#xF3;n Mixta /</subfield>
    <subfield code="b">Contadur&#xED;a /</subfield>
    <subfield code="c">Estudio Contable de los Impuestos (P16) /</subfield>
    <subfield code="d">(04 006544)</subfield>
  </datafield>
  <datafield tag="519" ind1=" " ind2=" ">
    <subfield code="a">Plan Flexible /</subfield>
    <subfield code="b">Contadur&#xED;a /</subfield>
    <subfield code="c">Estudio Contable de los Impuestos (P16) /</subfield>
    <subfield code="d">(21 003483)</subfield>
  </datafield>
  <datafield tag="519" ind1=" " ind2=" ">
    <subfield code="a">Educaci&#xF3;n Mixta / </subfield>
    <subfield code="b">Contabilidad / </subfield>
    <subfield code="c">Derecho Fiscal (B11-2) / </subfield>
    <subfield code="d">(13 004481)</subfield>
  </datafield>
  <datafield tag="519" ind1=" " ind2=" ">
    <subfield code="a">Educaci&#xF3;n Mixta / </subfield>
    <subfield code="b">Contabilidad / </subfield>
    <subfield code="c">Derecho Fiscal (B11) / </subfield>
    <subfield code="d">(22 001495)</subfield>
  </datafield>
  <datafield tag="519" ind1=" " ind2=" ">
    <subfield code="a">Material Complementario / Mixta / </subfield>
    <subfield code="b">Contabilidad / </subfield>
    <subfield code="c">Derecho Fiscal (B11-5) / </subfield>
    <subfield code="d">(19 002976)</subfield>
  </datafield>
  <datafield tag="519" ind1=" " ind2=" ">
    <subfield code="a">Material Complementario / </subfield>
    <subfield code="d">(06 003539)</subfield>
  </datafield>
  <datafield tag="519" ind1=" " ind2=" ">
    <subfield code="a">Educaci&#xF3;n Mixta / </subfield>
    <subfield code="b">Contadur&#xED;a / </subfield>
    <subfield code="c">Material Complementario / </subfield>
    <subfield code="d">(09 004697)</subfield>
  </datafield>
  <datafield tag="519" ind1=" " ind2=" ">
    <subfield code="a">Material Complementario / </subfield>
    <subfield code="d">(03 009467)</subfield>
  </datafield>
  <datafield tag="519" ind1=" " ind2=" ">
    <subfield code="a">Educaci&#xF3;n Mixta / </subfield>
    <subfield code="b">Contadur&#xED;a / </subfield>
    <subfield code="c">Estudio contable de los impuestos ( P16-2) / </subfield>
    <subfield code="d">(08 006130)</subfield>
  </datafield>
  <datafield tag="519" ind1=" " ind2=" ">
    <subfield code="a">Educaci&#xF3;n Mixta / </subfield>
    <subfield code="b">Contadur&#xED;a / </subfield>
    <subfield code="c">Derecho Fiscal (B11-2) / </subfield>
    <subfield code="d">(08 006109)</subfield>
  </datafield>
  <datafield tag="650" ind1="1" ind2="4">
    <subfield code="a">PEQUE&#xD1;AS Y MEDIANAS EMPRESAS</subfield>
    <subfield code="x">PERSONAS F&#xCD;SICAS</subfield>
    <subfield code="z">M&#xC9;XICO</subfield>
    <subfield code="v">IMPUESTOS</subfield>
  </datafield>
  <datafield tag="700" ind1="1" ind2=" ">
    <subfield code="a">Fol Olgu&#xED;n, Raymundo</subfield>
    <subfield code="e">autor</subfield>
  </datafield>
  <datafield tag="942" ind1=" " ind2=" ">
    <subfield code="c">LB</subfield>
  </datafield>
</record>
